Návody na cvičenia z krmovinárstva

Bibliographic Details
Main Authors: Folkman, Igor (Author), Kováč, Alexander (Author), Pačuta (Author)
Format: Book
Language:Slovak
PhysicalDescription:200, [1] s. 8°
Published: Bratislava Slovenské vydavateľstvo pôdohospodárskej literatúry 1961
Edition:vyd.
Series:Poľnohospodárske učebnice
Subjects:

MARC

LEADER 00000nam a2200000 a 4500
001 vtls008338638
003 SK-MaSNL
005 20260301164726.0
008 230403s1961 xo slo
015 |a SNBA1961/06-01041 
035 |a SK01SNK19610030855 
035 |a urn:nbn:sk:snk-amlpza 
035 |a urn:nbn:sk:snk-am00c0lh 
035 |a 1B3D4D72-400A-441F-B24A-28CEDDC6955A 
035 |a SKM000033318 
040 |a SNK  |b slo  |c SNK  |e AACR2 
041 0 |a slo 
044 |a xo 
080 |a 633.2/.3(076.5)(075.8)  |2 1981 
100 1 |a Folkman, Igor  |4 aut  |9 278910 
245 1 0 |a Návody na cvičenia z krmovinárstva  |c [autori:] Folkman, Kováč, Pačuta 
250 |a vyd. 
260 |a Bratislava  |b Slovenské vydavateľstvo pôdohospodárskej literatúry  |c 1961  |f Západoslovenské tlačiarne 
300 |a 200, [1] s.  |c 8° 
490 1 |a Poľnohospodárske učebnice  |v zv. 419 
500 |a Ilustr. Lit. Pozn. Tb. Vysvetl. 
563 |a 800 výtl. 
650 0 7 |a krmovinárstvo  |2 SNKPH  |9 15091 
655 7 |a učebnice  |2 SNKPH  |9 22521 
655 7 |a praktické cvičenia  |2 SNKPH  |9 70517 
655 7 |a učebnice vysokých škôl  |2 SNKPH  |9 70191 
700 1 |a Kováč, Alexander  |4 aut  |9 5857 
700 1 |a Pačuta  |4 aut  |9 532532 
830 0 |a Poľnohospodárske učebnice  |9 286242 
852 |a Slovenská národná knižnica 
954 |a odborná, vedecká literatúra pôvodná (slovenská)  |2 lita 
958 |a OND 
958 |a RM 
958 |a RK 
958 |a UV 
958 |a NB 
958 |a EUIPO 
999 |c 821613  |d 823543 
952 |a SNK  |b SNK  |y PREZ  |7 0  |p 17A0698064  |o snkSD 20250  |i snkKSP 3398/61  |0 0  |1 0  |4 0  |d 2011-06-24  |f 1  |l 0  |r 2025-12-03 00:00:00  |w 2026-02-24